The Lady in White

محفوظ في:
التفاصيل البيبلوغرافية
المؤلف الرئيسي: Campbell, Colin
التنسيق: كتاب
اللغة:Undetermined
منشور في: Cambridge Cambridge University Press 2000
الموضوعات:
الوسوم: إضافة وسم
لا توجد وسوم, كن أول من يضع وسما على هذه التسجيلة!
Thư viện lưu trữ: Trung tâm Học liệu Trường Đại học Cần Thơ
LEADER 00540nam a2200193Ia 4500
001 CTU_120857
008 210402s9999 xx 000 0 und d
082 |a 428.34 
082 |b C187/Cas.1 
100 |a Campbell, Colin 
245 4 |a The Lady in White 
245 0 |c Colin Campbell 
260 |a Cambridge 
260 |b Cambridge University Press 
260 |c 2000 
650 |a English language,English language 
650 |x Listening,Study and teaching 
904 |i M.Loan 
980 |a Trung tâm Học liệu Trường Đại học Cần Thơ